| 000 | 01094nam a22002777a 4500 | ||
|---|---|---|---|
| 999 |
_c65466 _d65466 |
||
| 005 | 20240530110826.0 | ||
| 008 | 190805s2018 ua a g b 000 0 ara d | ||
| 017 |
_a2017/22443 _bمصر . دار الكتب المصرية |
||
| 020 | _a9789779114897 | ||
| 040 | _aEG-CaGPL | ||
| 082 | 0 | 4 |
_221 _a352.2096203 _bق/ ز إ |
| 100 | 0 | _aزين العابدين شمس الدين نجم | |
| 245 | 1 | 0 |
_aادارة الاقاليم فى مصر 1805- 1882 / _cزين العابدين شمس الدين نجم |
| 250 | _aط.1 | ||
| 260 |
_aالقاهرة : _bالهيئة المصرية العامة للكتاب، _c2018 |
||
| 300 |
_a506 ص. : _bايض. ؛ _c24 سم. |
||
| 490 | 1 |
_aتاريخ المصريين ؛ _v306 |
|
| 504 | _aيشتمل على ارجاعات ببليوجرافية | ||
| 650 | 0 | 7 |
_aالاقاليم _zمصر _yعصر محمد على |
| 650 | 0 | 7 |
_aالاقاليم _zمصر |
| 650 | 0 | 7 | _aاللامركزية |
| 650 | 0 | 7 |
_aالمنشات _xادارة |
| 651 | 0 | 7 |
_aمصر _xالمحافظات |
| 942 |
_2ddc _cBK |
||